Những bí ẩn của sa mạc = The fist of god
Đã lưu trong:
| 主要作者: | |
|---|---|
| 格式: | 圖書 |
| 語言: | Undetermined |
| 出版: |
H.
CAND
2003
|
| 主題: | |
| 標簽: |
添加標簽
沒有標簽, 成為第一個標記此記錄!
|
| Thư viện lưu trữ: | Trung tâm Học liệu Trường Đại học Cần Thơ |
|---|
| LEADER | 00592nam a2200217Ia 4500 | ||
|---|---|---|---|
| 001 | CTU_58313 | ||
| 008 | 210402s9999 xx 000 0 und d | ||
| 020 | |b 67000 | ||
| 082 | |a 813.6 | ||
| 082 | |b F735 | ||
| 100 | |a Frederik Forsythe | ||
| 245 | 0 | |a Những bí ẩn của sa mạc = | |
| 245 | 4 | |b The fist of god | |
| 245 | 0 | |c Frederik Forsythe; Hồng Vũ biên dịch | |
| 260 | |a H. | ||
| 260 | |b CAND | ||
| 260 | |c 2003 | ||
| 650 | |a american fiction ( vietnamese ) | ||
| 650 | |y 21th century | ||
| 904 | |i Minh | ||
| 980 | |a Trung tâm Học liệu Trường Đại học Cần Thơ | ||